| 000 | 00000nam##2200000za#4500 |
| 001 | 9.699396 |
| 003 | CaOODSP |
| 005 | 20210625000348 |
| 007 | cr ||||||||||| |
| 008 | 150407|1965||||xxc|||||o f|0| 0 eng|d |
| 040 | |aCaOODSP|beng |
| 043 | |an-cn--- |
| 086 | 1 |aA43-1209/1965E-PDF |
| 110 | 1 |aCanada.|bAgriculture Canada.|bResearch Branch. |
| 245 | 10|aImporting and managing the alfalfa leaf-cutter bee / |h[electronic resource]|c[by] G.A. Hobbs. |
| 260 | |aOttawa - Ontario : |bAgriculture Canada. |c1965. |
| 300 | |a12p.|bphotographs |
| 500 | |aHistorical publication digitized by Agriculture and Agri-Food Canada. |
| 590 | |a14-11-Supp|b2014-05-21 |
| 690 | 07|aBeekeeping|2gcpds |
| 775 | 08|tImportation et soin de l'abeille coupeuse des feuilles de luzerne / |w(CaOODSP)9.643384 |
| 856 | 40|ahttp://publications.gc.ca|qPDF|s871 KB|uhttps://publications.gc.ca/collections/collection_2014/aac-aafc/agrhist/A43-1209-1965-eng.pdf |
| 986 | |a1209 |